| 000 | 00504nam a2200205 a 4500 | ||
|---|---|---|---|
| 001 | BRCA_6748 | ||
| 005 | 20190320205557.0 | ||
| 008 | 241011s1919----gw-#######---#000-0#ger-# | ||
| 041 | _ager | ||
| 044 | _agw | ||
| 050 | 4 |
_aPT2615 _b.A16 M5 |
|
| 100 | 1 |
_aHaas, Rudolf _d1877- _916340 |
|
| 245 | 1 | 0 |
_aMichel Blank und seine Liesel. _cRudolf Haas. |
| 260 |
_aLeipzig _bL. Staadmann _c[1919] |
||
| 300 |
_a376 p. _c18 cm. |
||
| 500 | _aL80 | ||
| 650 | 1 | 4 |
_aFicción _916263 |
| 902 | _aGFM | ||
| 942 |
_2lcc _cB |
||
| 999 |
_c6431 _d6431 |
||